000 00314nam a2200133Ia 4500
008 100328s9999 xx 000 0 und d
082 _b15415
100 _aCarfland Barbara
245 _aThe Outrageous Lady
260 _b---
630 _aThe Outrageous Lady
730 _aThe Outrageous Lady
942 _cBOOK
999 _c510230
_d510227